书目信息 |
| 题名: |
密肋复合板结构节能建筑施工技术
|
|
| 作者: | 姚谦峰 , 张荫 编著 | |
| 分册: | ||
| 出版信息: | 北京 中国建筑工业出版社 2014 |
|
| 页数: | 151页 | |
| 开本: | 26cm | |
| 丛书名: | ||
| 单 册: | ||
| 中图分类: | TB33 | |
| 科图分类: | ||
| 主题词: | 复合板--建筑结构--节能--工程施工 | |
| 电子资源: | ||
| ISBN: | 978-7-112-17204-7 | |
| 000 | 00936nam0 2200241 450 | |
| 001 | 2339654095 | |
| 005 | 20231203110104.86 | |
| 010 | @a978-7-112-17204-7@dCNY36.00 | |
| 100 | @a20141119d2014 em y0chiy50 ea | |
| 101 | 0 | @achi |
| 102 | @aCN@b110000 | |
| 105 | @aak a 000yy | |
| 200 | 1 | @a密肋复合板结构节能建筑施工技术@Ami le fu he ban jie gou jie neng jian zhu shi gong ji shu@f姚谦峰, 张荫编著 |
| 210 | @a北京@c中国建筑工业出版社@d2014 | |
| 215 | @a151页@c图@d26cm | |
| 320 | @a有书目 (第150-151页) | |
| 330 | @a本书系统介绍密肋复合板结构体系的研发背景、结构工程及基本构件设计、墙体生产工艺及其安装、施工技术与工程实施、土方工程与地基基础、工程质量控制与管理等, 通过示范工程建设, 反映了新型节能建筑的最新研究成果。 | |
| 606 | 0 | @a复合板@x建筑结构@x节能@x工程施工 |
| 690 | @aTB33@v5 | |
| 701 | 0 | @a姚谦峰@Ayao qian feng@4编著 |
| 701 | 0 | @a张荫@Azhang yin@4编著 |
| 801 | 0 | @aCN@b湖北三新@c20141119 |
| 905 | @aZUCC@dTB33@e8 | |
| 密肋复合板结构节能建筑施工技术/姚谦峰, 张荫编著.-北京:中国建筑工业出版社,2014 |
| 151页:图;26cm |
| ISBN 978-7-112-17204-7:CNY36.00 |
| 本书系统介绍密肋复合板结构体系的研发背景、结构工程及基本构件设计、墙体生产工艺及其安装、施工技术与工程实施、土方工程与地基基础、工程质量控制与管理等, 通过示范工程建设, 反映了新型节能建筑的最新研究成果。 |
| ● |
| 相关链接 |
|
|
|
正题名:密肋复合板结构节能建筑施工技术
索取号:TB33/8
 
预约/预借
| 序号 | 登录号 | 条形码 | 馆藏地/架位号 | 状态 | 备注 |
| 1 | 2001306872 | 2001306872 | 322书库/ [索取号:TB33/8] | 在馆 | |
| 2 | 2001306873 | 2001306873 | 322书库/ [索取号:TB33/8] | 在馆 | |
| 3 | 2001306874 | 2001306874 | 322书库/ [索取号:TB33/8] | 在馆 | |
| 4 | 2001306875 | 2001306875 | 322书库/ [索取号:TB33/8] | 在馆 | |
| 5 | 2001306876 | 2001306876 | 322书库/ [索取号:TB33/8] | 在馆 | |
| 6 | 2001306877 | 2001306877 | 322书库/ [索取号:TB33/8] | 在馆 | |
| 7 | 2001306878 | 2001306878 | 322书库/ [索取号:TB33/8] | 在馆 | |
| 8 | 2001306879 | 2001306879 | 213主题书屋/213室1架2层2列/ [索取号:TB33/8] | 在馆 | |
| 9 | 2001306880 | 2001306880 | 213主题书屋/213室1架2层2列/ [索取号:TB33/8] | 在馆 | |
| 10 | 2001306881 | 2001306881 | 322书库/ [索取号:TB33/8] | 在馆 | |
| 11 | 2001306882 | 2001306882 | 322书库/ [索取号:TB33/8] | 在馆 | |
| 12 | 2001306883 | 2001306883 | 322书库/ [索取号:TB33/8] | 在馆 | |
| 13 | 2001306884 | 2001306884 | 322书库/ [索取号:TB33/8] | 在馆 | |
| 14 | 2001306885 | 2001306885 | 322书库/ [索取号:TB33/8] | 在馆 | |
| 15 | 2001306886 | 2001306886 | 322书库/ [索取号:TB33/8] | 在馆 | |
| 16 | 2001306887 | 2001306887 | 322书库/ [索取号:TB33/8] | 在馆 | |
| 17 | 2001306888 | 2001306888 | 322书库/ [索取号:TB33/8] | 在馆 | |
| 18 | 2001306889 | 2001306889 | 322书库/ [索取号:TB33/8] | 在馆 | |
| 19 | 2001306890 | 2001306890 | 322书库/ [索取号:TB33/8] | 在馆 | |
| 20 | 2001306891 | 2001306891 | 213主题书屋/213室1架2层2列/ [索取号:TB33/8] | 在馆 | |
| 21 | 2001306892 | 2001306892 | 322书库/ [索取号:TB33/8] | 在馆 | |
| 22 | 2001306893 | 2001306893 | 322书库/ [索取号:TB33/8] | 在馆 | |
| 23 | 2001306894 | 2001306894 | 322书库/ [索取号:TB33/8] | 在馆 | |
| 24 | 2001306895 | 2001306895 | 322书库/ [索取号:TB33/8] | 在馆 | |
| 25 | 2001306896 | 2001306896 | 322书库/ [索取号:TB33/8] | 在馆 | |
| 26 | 2001306897 | 2001306897 | 322书库/ [索取号:TB33/8] | 在馆 | |
| 27 | 2001306898 | 2001306898 | 322书库/ [索取号:TB33/8] | 在馆 | |
| 28 | 2001306899 | 2001306899 | 213主题书屋/213室1架2层2列/ [索取号:TB33/8] | 在馆 | |
| 29 | 2001306900 | 2001306900 | 213主题书屋/213室1架2层2列/ [索取号:TB33/8] | 在馆 | |
| 30 | 2001306901 | 2001306901 | 213主题书屋/213室1架2层2列/ [索取号:TB33/8] | 在馆 |